Industy - poised for takeoff (Record no. 377923)

000 -LEADER
fixed length control field 00390cam a22001337a 4500
008 - FIXED-LENGTH DATA ELEMENTS--GENERAL INFORMATION
fixed length control field 180718b1995 xxu||||| |||| 00| 0 eng d
082 ## - DEWEY DECIMAL CLASSIFICATION NUMBER
Classification number T19x54 P218
100 ## - MAIN ENTRY--PERSONAL NAME
Personal name Sarkar, Subrata
245 ## - TITLE STATEMENT
Title Industy - poised for takeoff
260 ## - PUBLICATION, DISTRIBUTION, ETC.
Place of publication, distribution, etc. Delhi
Name of publisher, distributor, etc. Konark
Date of publication, distribution, etc. 1995
300 ## - PHYSICAL DESCRIPTION
Extent p.107-128
500 ## - GENERAL NOTE
General note [In]Mid - year review of the economy 1994 - 95 edited by Kirit S. Parikh
650 ## - SUBJECT ADDED ENTRY--TOPICAL TERM
Topical term or geographic name entry element Industry
Holdings
Withdrawn status Lost status Damaged status Not for loan Permanent Location Current Location Date acquired Full call number Barcode Date last seen Price effective from Koha item type
        Indian Institute of Public Administration Indian Institute of Public Administration 1995-06-06 T19x54 P218 CB915 2018-07-21 2018-07-21 CB

Powered by Koha